| 000 | 01437nam a2200373 a 4500 | ||
|---|---|---|---|
| 001 | 0000245 | ||
| 003 | DO-SdBNP | ||
| 005 | 20180306104520.0 | ||
| 007 | 0000245 | ||
| 008 | 150130s2010 dr abc 000 0 spa d | ||
| 020 | _a9789945444069 | ||
| 040 |
_aBPMSU _bspa _cBPMSU |
||
| 092 |
_a372.7 _bR788m, 4to. 2010 |
||
| 100 | 1 | _aRosa, María del Jesús de la | |
| 245 | 1 | 0 |
_aMatemática 4 : _b[educación básica] / _cMaría del Jesús de la Rosa, Francisca Antonia Medrano ; ilustraciones Ramón Sandoval. |
| 250 | _a2a. ed. rev. y actualizada | ||
| 260 |
_aSanto Domingo : _bActualidad Escolar 2000, _c2010. |
||
| 300 |
_a2v. : _bil., retrs. ; _c28 cm. |
||
| 490 | 1 | _aSigma | |
| 500 | _aLa biblioteca posee v.1. Libro de texto y v.2.Guía del maestro | ||
| 505 | 1 |
_tParque nacional submarino de La Caleta -- _tMonumento nacional Isla Catalina -- _tMonumento natural Loma Isabela de Torres -- _tLa Isla Saona -- _tIsla Beata -- |
|
| 650 |
_aMATEMÁTICAS _xENSEÑANZA BÁSICA |
||
| 650 |
_aMATEMÁTICAS _xENSEÑANZA ELEMENTAL |
||
| 650 |
_aEDUCACIÓN PRIMARIA _zREPÚBLICA DOMINICANA |
||
| 650 |
_aMATEMÁTICAS _xLIBROS DE TEXTO |
||
| 650 |
_aMATEMÁTICAS _xESTUDIOS Y EJERCICIOS |
||
| 700 | 1 | _aMedrano, Francisca Antonia | |
| 700 | 1 |
_aSandoval, Ramón _eil. |
|
| 830 | 0 | _aSigma | |
| 910 | _aValidado. Control de calidad MFF | ||
| 942 |
_2ddc _cBK |
||
| 945 | _aRemanejado para la BNPHU / 2018 VM | ||
| 956 |
_aYLOCKWARD _b10 |
||
| 999 |
_c9576 _d9576 |
||